000 00336nam a2200133Ia 4500
005 20251013221637.0
008 251010s9999 xx 000 0 und d
041 _amar
100 _aदेशपांडे पु.ल.
_9213820
245 _aपुर्वरंग
250 _a1ST
260 _bShree vidya
_c1988
300 _a286
999 _c368046
_d368046